Tallest Mountains by Continent - Statistics

General Stats
  • This quiz has been taken 413 times
    293 since last reset
  • The average score is 4 of 7
Answer Stats
Height Continent Mountain % Correct
29,029 ft Asia Mt. Everest
98%
19,341 ft Africa Mt. Kilimanjaro
86%
20,310 ft North America Denali
79%
18,510 ft Europe Mt. Elbrus
58%
22,837 ft South America Mt. Aconcagua
47%
16,050 ft Antarctica Vinson Massif
34%
16,024 ft Oceania Puncak Jaya
21%
No matching quizzes found
Score Distribution
Percent of People with Each Score
Percentile by Number Answered
Your Score History
You have not taken this quiz since the last reset